| 000 | 00574nam a2200193Ia 4500 | ||
|---|---|---|---|
| 003 | IN-BaIIA | ||
| 008 | 211028s9999 xx 000 0 eng d | ||
| 040 | _cIIA Library | ||
| 080 |
_a552.5:083.8 _bSIM |
||
| 100 | _aSimpson, G. C. | ||
| 245 | 0 |
_aTables for the reduction of meteorological observations in India _cSimpson G. C. |
|
| 260 |
_aCalcutta _bGovernment of India Press _c1910 |
||
| 300 | _aix, 95p. | ||
| 650 |
_aEarth Atmospheres _9267 |
||
| 650 |
_aMeteorological-Tables _9268 |
||
| 650 |
_aNASA Thesaurus _9100 |
||
| 650 |
_aTables-Meteorology _9269 |
||
| 942 | _cBK | ||
| 999 |
_c130 _d130 |
||